[Event "Rapid Tournament (RAP)"]
[Site "Biel, CH"]
[Date "2025.07.13"]
[Round "8"]
[White "Harish, Neeraj"]
[Black "He, Junchen"]
[Result "1/2-1/2"]
[Board "10"]
[WhiteFideId "30958130"]
[BlackFideId "8642427"]
[WhiteTitle "CM"]
[WhiteElo "2175"]
[BlackElo "2007"]
[WhiteTeam "USA"]
[BlackTeam "CHN"]
[WhiteClock "0:02:15"]
[BlackClock "0:00:58"]
[Variant "Standard"]

1. e4 {[%clk 0:15:08]}  Nc6 {[%clk 0:15:05]} 2. Nf3 {[%clk 0:15:09]}  e5 {[%clk 0:15:07]} 3. Bc4 {[%clk 0:15:11]}  Nf6 {[%clk 0:15:11]} 4. d3 {[%clk 0:15:15]}  Be7 {[%clk 0:15:06]} 5. O-O {[%clk 0:15:15]}  O-O {[%clk 0:15:08]} 6. Nc3 {[%clk 0:15:18]}  d6 {[%clk 0:15:04]} 7. a3 {[%clk 0:15:21]}  h6 {[%clk 0:14:52]} 8. h3 {[%clk 0:15:16]}  Be6 {[%clk 0:14:53]} 9. Nd5 {[%clk 0:15:19]}  Qc8 {[%clk 0:14:25]} 10. Be3 {[%clk 0:14:43]}  Bd8 {[%clk 0:14:26]} 11. b4 {[%clk 0:14:44]}  Bxd5 {[%clk 0:11:54]} 12. Bxd5 {[%clk 0:14:39]}  Nxd5 {[%clk 0:11:48]} 13. exd5 {[%clk 0:14:43]}  Ne7 {[%clk 0:11:52]} 14. c4 {[%clk 0:13:57]}  f5 {[%clk 0:11:18]} 15. Qb3 {[%clk 0:13:39]}  Kh7 {[%clk 0:10:41]} 16. Bd2 {[%clk 0:13:08]}  Qd7 {[%clk 0:10:38]} 17. Rae1 {[%clk 0:13:02]}  Ng6 {[%clk 0:09:56]} 18. d4 {[%clk 0:12:12]}  e4 {[%clk 0:09:49]} 19. Nh2 {[%clk 0:12:15]}  Bf6 {[%clk 0:09:46]} 20. Bc3 {[%clk 0:11:59]}  Rae8 {[%clk 0:09:12]} 21. Qc2 {[%clk 0:11:58]}  c6 {[%clk 0:07:43]} 22. dxc6 {[%clk 0:11:59]}  bxc6 {[%clk 0:07:46]} 23. f4 {[%clk 0:11:26]}  d5 {[%clk 0:05:53]} 24. c5 {[%clk 0:11:30]}  Bh4 {[%clk 0:05:21]} 25. Re3 {[%clk 0:10:59]}  Qb7 {[%clk 0:05:12]} 26. g3 {[%clk 0:10:55]}  Bf6 {[%clk 0:05:16]} 27. a4 {[%clk 0:10:55]}  Qa6 {[%clk 0:05:14]} 28. Rb1 {[%clk 0:10:55]}  Rb8 {[%clk 0:04:49]} 29. Nf1 {[%clk 0:10:50]}  Rf7 {[%clk 0:03:13]} 30. Re2 {[%clk 0:10:50]}  Qc4 {[%clk 0:03:04]} 31. Qd2 {[%clk 0:10:48]}  Rfb7 {[%clk 0:02:52]} 32. Ne3 {[%clk 0:10:51]}  Qa6 {[%clk 0:02:43]} 33. Nxf5 {[%clk 0:10:45]}  Qxa4 {[%clk 0:02:37]} 34. Nd6 {[%clk 0:10:39]}  Rd7 {[%clk 0:02:26]} 35. Qe3 {[%clk 0:09:57]}  Qa6 {[%clk 0:01:23]} 36. Ra1 {[%clk 0:09:58]}  Qd3 {[%clk 0:01:25]} 37. Qxd3 {[%clk 0:09:56]}  exd3 {[%clk 0:01:29]} 38. Rd2 {[%clk 0:09:57]}  Rxb4 {[%clk 0:01:26]} 39. Rxd3 {[%clk 0:09:51]}  Rb3 {[%clk 0:01:26]} 40. Rad1 {[%clk 0:09:33]}  Bd8 {[%clk 0:00:55]} 41. Kf2 {[%clk 0:09:12]}  Bc7 {[%clk 0:00:58]} 42. Nf5 {[%clk 0:09:12]}  Ne7 {[%clk 0:00:58]} 43. Ne3 {[%clk 0:09:01]}  Kg6 {[%clk 0:00:56]} 44. Be1 {[%clk 0:08:49]}  Rb2+ {[%clk 0:00:51]} 45. R3d2 {[%clk 0:08:46]}  Rb3 {[%clk 0:00:50]} 46. Rd3 {[%clk 0:08:34]}  Rb2+ {[%clk 0:00:54]} 47. Kf3 {[%clk 0:08:38]}  a5 {[%clk 0:00:47]} 48. Ra1 {[%clk 0:08:39]}  Nf5 {[%clk 0:00:25]} 49. Nxf5 {[%clk 0:08:24]}  Kxf5 {[%clk 0:00:39]} 50. g4+ {[%clk 0:08:25]}  Kg6 {[%clk 0:00:42]} 51. Bxa5 {[%clk 0:08:20]}  Rh2 {[%clk 0:00:28]} 52. Kg3 {[%clk 0:08:09]}  Re2 {[%clk 0:00:26]} 53. Bxc7 {[%clk 0:08:08]}  Rxc7 {[%clk 0:00:30]} 54. Ra6 {[%clk 0:07:56]}  Re4 {[%clk 0:00:14]} 55. Kf3 {[%clk 0:07:42]}  h5 {[%clk 0:00:36]} 56. Re3 {[%clk 0:07:21]}  Rxd4 {[%clk 0:00:28]} 57. Re6+ {[%clk 0:07:25]}  Kh7 {[%clk 0:00:28]} 58. Raxc6 {[%clk 0:07:05]}  hxg4+ {[%clk 0:00:26]} 59. hxg4 {[%clk 0:07:01]}  Ra7 {[%clk 0:00:22]} 60. Ra6 {[%clk 0:06:51]}  Rb7 {[%clk 0:00:25]} 61. Rab6 {[%clk 0:06:31]}  Ra7 {[%clk 0:00:30]} 62. Ra6 {[%clk 0:04:55]}  Rb7 {[%clk 0:00:34]} 63. Reb6 {[%clk 0:04:58]}  Re7 {[%clk 0:00:37]} 64. f5 {[%clk 0:02:46]}  Rd3+ {[%clk 0:00:41]} 65. Kf2 {[%clk 0:02:26]}  Rd2+ {[%clk 0:00:45]} 66. Kf3 {[%clk 0:02:30]}  Rd3+ {[%clk 0:00:49]} 67. Kf2 {[%clk 0:02:14]}  Rd2+ {[%clk 0:00:54]} 68. Kf3 {[%clk 0:02:18]}  Rd3+ {[%clk 0:00:58]} 69. Kf2 {[%clk 0:02:15]} 1/2-1/2

[Event "Rapid Tournament (RAP)"]
[Site "Biel, CH"]
[Date "2025.07.13"]
[Round "8"]
[White "Mikavica, Mirko"]
[Black "Talwalkar, Vedant"]
[Result "1/2-1/2"]
[Board "11"]
[WhiteFideId "908657"]
[BlackFideId "30962498"]
[BlackTitle "FM"]
[WhiteElo "2115"]
[BlackElo "2014"]
[WhiteTeam "SUI"]
[BlackTeam "USA"]
[WhiteClock "0:01:31"]
[BlackClock "0:07:51"]
[Variant "Standard"]

1. d4 {[%clk 0:15:09]}  Nf6 {[%clk 0:15:09]} 2. c4 {[%clk 0:15:13]}  e6 {[%clk 0:15:13]} 3. Nf3 {[%clk 0:15:14]}  d5 {[%clk 0:15:16]} 4. g3 {[%clk 0:15:05]}  dxc4 {[%clk 0:15:19]} 5. Qa4+ {[%clk 0:15:08]}  Nbd7 {[%clk 0:15:20]} 6. Qxc4 {[%clk 0:15:10]}  c5 {[%clk 0:15:23]} 7. Bg2 {[%clk 0:14:09]}  a6 {[%clk 0:15:16]} 8. dxc5 {[%clk 0:13:44]}  Bxc5 {[%clk 0:15:10]} 9. O-O {[%clk 0:13:43]}  b5 {[%clk 0:15:20]} 10. Qc2 {[%clk 0:13:01]}  Bb7 {[%clk 0:15:18]} 11. Nc3 {[%clk 0:10:51]}  O-O {[%clk 0:15:17]} 12. a3 {[%clk 0:10:42]}  Rc8 {[%clk 0:15:16]} 13. Rd1 {[%clk 0:09:36]}  Qb6 {[%clk 0:15:12]} 14. e3 {[%clk 0:09:37]}  Rfd8 {[%clk 0:15:00]} 15. Bd2 {[%clk 0:08:30]}  h6 {[%clk 0:14:25]} 16. Be1 {[%clk 0:08:56]}  Ng4 {[%clk 0:12:32]} 17. Qe2 {[%clk 0:07:10]}  Nde5 {[%clk 0:10:36]} 18. Nxe5 {[%clk 0:06:13]}  Nxe5 {[%clk 0:10:19]} 19. Rxd8+ {[%clk 0:06:04]}  Rxd8 {[%clk 0:10:02]} 20. Rd1 {[%clk 0:05:05]}  Rxd1 {[%clk 0:10:30]} 21. Qxd1 {[%clk 0:05:25]}  Bxg2 {[%clk 0:10:20]} 22. Kxg2 {[%clk 0:05:25]}  Qc6+ {[%clk 0:10:26]} 23. e4 {[%clk 0:04:26]}  f5 {[%clk 0:09:15]} 24. Qe2 {[%clk 0:04:15]}  Nc4 {[%clk 0:08:41]} 25. Kg1 {[%clk 0:03:53]}  Nd6 {[%clk 0:07:48]} 26. exf5 {[%clk 0:03:50]}  Nxf5 {[%clk 0:07:28]} 27. Qe4 {[%clk 0:02:49]}  Qxe4 {[%clk 0:07:57]} 28. Nxe4 {[%clk 0:02:53]}  Bd4 {[%clk 0:07:59]} 29. Bc3 {[%clk 0:02:31]}  Bxc3 {[%clk 0:08:02]} 30. bxc3 {[%clk 0:01:31]}  Ne7 {[%clk 0:07:51]} 1/2-1/2

[Event "Rapid Tournament (RAP)"]
[Site "Biel, CH"]
[Date "2025.07.13"]
[Round "8"]
[White "Menzi, Jonas"]
[Black "Ding, Shirui"]
[Result "1/2-1/2"]
[Board "12"]
[WhiteFideId "1345133"]
[BlackFideId "8618445"]
[WhiteElo "2097"]
[BlackElo "1829"]
[WhiteTeam "SUI"]
[BlackTeam "CHN"]
[WhiteClock "0:00:13"]
[BlackClock "0:00:15"]
[Variant "Standard"]

1. e4 {[%clk 0:15:08]}  d5 {[%clk 0:15:08]} 2. exd5 {[%clk 0:15:10]}  Qxd5 {[%clk 0:15:11]} 3. Nc3 {[%clk 0:14:42]}  Qa5 {[%clk 0:15:14]} 4. d4 {[%clk 0:14:46]}  Nf6 {[%clk 0:15:17]} 5. Nf3 {[%clk 0:14:49]}  Bf5 {[%clk 0:15:20]} 6. Bc4 {[%clk 0:14:45]}  e6 {[%clk 0:15:22]} 7. Bd2 {[%clk 0:14:43]}  c6 {[%clk 0:15:24]} 8. Nd5 {[%clk 0:14:05]}  Qd8 {[%clk 0:15:20]} 9. Nxf6+ {[%clk 0:14:08]}  Qxf6 {[%clk 0:15:02]} 10. Qe2 {[%clk 0:12:51]}  Bxc2 {[%clk 0:12:58]} 11. Rc1 {[%clk 0:12:55]}  Bf5 {[%clk 0:12:38]} 12. d5 {[%clk 0:12:58]}  Be7 {[%clk 0:08:32]} 13. dxe6 {[%clk 0:10:27]}  Bxe6 {[%clk 0:09:02]} 14. O-O {[%clk 0:05:23]}  Bg4 {[%clk 0:04:50]} 15. Bc3 {[%clk 0:07:43]}  Bxf3 {[%clk 0:03:48]} 16. gxf3 {[%clk 0:07:47]}  Qh4 {[%clk 0:02:50]} 17. Rfe1 {[%clk 0:07:08]}  Nd7 {[%clk 0:01:58]} 18. Rcd1 {[%clk 0:05:56]}  O-O-O {[%clk 0:01:15]} 19. Rd4 {[%clk 0:05:02]}  Qg5+ {[%clk 0:00:22]} 20. Rg4 {[%clk 0:05:05]}  Qf5 {[%clk 0:00:23]} 21. Qxe7 {[%clk 0:04:29]}  Rhe8 {[%clk 0:00:15]} 22. Qxf7 {[%clk 0:04:20]}  Rxe1+ {[%clk 0:00:15]} 23. Bxe1 {[%clk 0:04:24]}  Qb1 {[%clk 0:00:19]} 24. Qe6 {[%clk 0:02:45]}  Qxb2 {[%clk 0:00:15]} 25. Re4 {[%clk 0:00:52]}  g6 {[%clk 0:00:12]} 26. Re2 {[%clk 0:00:54]}  Qa3 {[%clk 0:00:13]} 27. Qg4 {[%clk 0:00:38]}  Kb8 {[%clk 0:00:11]} 28. Rd2 {[%clk 0:00:29]}  Qe7 {[%clk 0:00:12]} 29. Rd1 {[%clk 0:00:22]}  Kc7 {[%clk 0:00:12]} 30. Bc3 {[%clk 0:00:17]}  b6 {[%clk 0:00:10]} 31. Qf4+ {[%clk 0:00:17]}  Kb7 {[%clk 0:00:13]} 32. Qd6 {[%clk 0:00:15]}  Qg5+ {[%clk 0:00:10]} 33. Kh1 {[%clk 0:00:15]}  Qf5 {[%clk 0:00:14]} 34. Qd3 {[%clk 0:00:14]}  Qf4 {[%clk 0:00:09]} 35. Bd2 {[%clk 0:00:16]}  Qf6 {[%clk 0:00:12]} 36. Ba6+ {[%clk 0:00:11]}  Kc7 {[%clk 0:00:13]} 37. Bc3 {[%clk 0:00:11]}  Qe6 {[%clk 0:00:10]} 38. Bc4 {[%clk 0:00:09]}  Qe7 {[%clk 0:00:13]} 39. a4 {[%clk 0:00:09]}  Kb7 {[%clk 0:00:15]} 40. Qd4 {[%clk 0:00:08]}  Kc7 {[%clk 0:00:16]} 41. Bd2 {[%clk 0:00:10]}  Rf8 {[%clk 0:00:12]} 42. Bf4+ {[%clk 0:00:13]}  Kc8 {[%clk 0:00:11]} 43. Bg3 {[%clk 0:00:13]}  Rxf3 {[%clk 0:00:10]} 44. Qh8+ {[%clk 0:00:13]}  Rf8 {[%clk 0:00:14]} 45. Qd4 {[%clk 0:00:10]}  Nc5 {[%clk 0:00:13]} 46. Bd6 {[%clk 0:00:11]}  Qe4+ {[%clk 0:00:09]} 47. Qxe4 {[%clk 0:00:14]}  Nxe4 {[%clk 0:00:13]} 48. Bxf8 {[%clk 0:00:06]}  Nxf2+ {[%clk 0:00:16]} 49. Kg2 {[%clk 0:00:10]}  Nxd1 {[%clk 0:00:20]} 50. Bb3 {[%clk 0:00:10]}  Nc3 {[%clk 0:00:21]} 51. Kg3 {[%clk 0:00:13]}  Kd7 {[%clk 0:00:24]} 52. Bc5 {[%clk 0:00:09]}  Ke8 {[%clk 0:00:24]} 53. Bb4 {[%clk 0:00:15]}  Ne2+ {[%clk 0:00:25]} 54. Kg4 {[%clk 0:00:16]}  c5 {[%clk 0:00:28]} 55. Bd2 {[%clk 0:00:18]}  Nd4 {[%clk 0:00:30]} 56. Bc4 {[%clk 0:00:18]}  Ke7 {[%clk 0:00:31]} 57. Bc3 {[%clk 0:00:14]}  Nf5 {[%clk 0:00:35]} 58. Kg5 {[%clk 0:00:14]}  Kf8 {[%clk 0:00:36]} 59. Bd3 {[%clk 0:00:11]}  Ne3 {[%clk 0:00:34]} 60. Kh6 {[%clk 0:00:06]}  Ng4+ {[%clk 0:00:33]} 61. Kxh7 {[%clk 0:00:10]}  Nxh2 {[%clk 0:00:37]} 62. Kxg6 {[%clk 0:00:12]}  Ke7 {[%clk 0:00:30]} 63. Kf5 {[%clk 0:00:14]}  Kd7 {[%clk 0:00:31]} 64. Ke5 {[%clk 0:00:14]}  Ng4+ {[%clk 0:00:21]} 65. Kd5 {[%clk 0:00:16]}  Ne3+ {[%clk 0:00:19]} 66. Ke4 {[%clk 0:00:06]}  Nd1 {[%clk 0:00:21]} 67. Be5 {[%clk 0:00:11]}  Nf2+ {[%clk 0:00:17]} 68. Ke3 {[%clk 0:00:13]}  Nxd3 {[%clk 0:00:15]} 1/2-1/2

[Event "Rapid Tournament (RAP)"]
[Site "Biel, CH"]
[Date "2025.07.13"]
[Round "8"]
[White "Chen, Muxi"]
[Black "Rohrer, Christophe"]
[Result "0-1"]
[Board "13"]
[WhiteFideId "8626073"]
[BlackFideId "1326546"]
[BlackTitle "FM"]
[WhiteElo "1979"]
[BlackElo "2201"]
[WhiteTeam "CHN"]
[BlackTeam "SUI"]
[WhiteClock "0:00:17"]
[BlackClock "0:01:10"]
[Variant "Standard"]

1. e4 {[%clk 0:15:07]}  e5 {[%clk 0:15:09]} 2. Nf3 {[%clk 0:15:11]}  Nc6 {[%clk 0:15:11]} 3. Bc4 {[%clk 0:15:14]}  Bc5 {[%clk 0:15:15]} 4. c3 {[%clk 0:15:17]}  Nf6 {[%clk 0:15:17]} 5. d3 {[%clk 0:15:20]}  d6 {[%clk 0:15:21]} 6. O-O {[%clk 0:15:23]}  a6 {[%clk 0:15:23]} 7. Nbd2 {[%clk 0:15:22]}  Ba7 {[%clk 0:15:23]} 8. a4 {[%clk 0:15:19]}  h6 {[%clk 0:15:13]} 9. Re1 {[%clk 0:15:10]}  O-O {[%clk 0:15:05]} 10. h3 {[%clk 0:15:02]}  Ne7 {[%clk 0:15:04]} 11. Nf1 {[%clk 0:14:52]}  Ng6 {[%clk 0:15:07]} 12. Ng3 {[%clk 0:14:39]}  Be6 {[%clk 0:14:36]} 13. Bxe6 {[%clk 0:14:27]}  fxe6 {[%clk 0:14:39]} 14. b4 {[%clk 0:14:21]}  Qe7 {[%clk 0:13:44]} 15. Ra2 {[%clk 0:14:13]}  Rf7 {[%clk 0:13:08]} 16. d4 {[%clk 0:13:17]}  Raf8 {[%clk 0:11:58]} 17. Be3 {[%clk 0:12:35]}  exd4 {[%clk 0:10:48]} 18. Bxd4 {[%clk 0:11:33]}  Bxd4 {[%clk 0:10:18]} 19. cxd4 {[%clk 0:11:34]}  Nd7 {[%clk 0:10:07]} 20. Re3 {[%clk 0:10:01]}  Nf4 {[%clk 0:09:28]} 21. Rc2 {[%clk 0:07:42]}  c6 {[%clk 0:09:07]} 22. Kh2 {[%clk 0:06:06]}  Kh8 {[%clk 0:06:16]} 23. Nf1 {[%clk 0:09:28]}  Ng6 {[%clk 0:05:47]} 24. g3 {[%clk 0:09:14]}  Qd8 {[%clk 0:05:32]} 25. Kg2 {[%clk 0:09:04]}  Qb6 {[%clk 0:04:39]} 26. Qe1 {[%clk 0:06:44]}  c5 {[%clk 0:03:49]} 27. dxc5 {[%clk 0:07:20]}  dxc5 {[%clk 0:03:53]} 28. bxc5 {[%clk 0:07:17]}  Nxc5 {[%clk 0:03:56]} 29. a5 {[%clk 0:07:21]}  Qb5 {[%clk 0:03:37]} 30. Qa1 {[%clk 0:03:46]}  Nxe4 {[%clk 0:03:08]} 31. Rxe4 {[%clk 0:03:23]}  Rxf3 {[%clk 0:03:11]} 32. Qa2 {[%clk 0:02:46]}  Qg5 {[%clk 0:02:57]} 33. Rxe6 {[%clk 0:01:53]}  R3f5 {[%clk 0:02:22]} 34. Re4 {[%clk 0:01:04]}  Rxa5 {[%clk 0:02:21]} 35. Qe6 {[%clk 0:00:35]}  Re5 {[%clk 0:01:47]} 36. Rxe5 {[%clk 0:00:29]}  Nxe5 {[%clk 0:01:42]} 37. Rc5 {[%clk 0:00:22]}  Rxf2+ {[%clk 0:01:05]} 38. Kxf2 {[%clk 0:00:14]}  Nd3+ {[%clk 0:01:09]} 39. Kg2 {[%clk 0:00:18]}  Nxc5 {[%clk 0:01:08]} 40. Ne3 {[%clk 0:00:17]}  Nxe6 {[%clk 0:01:10]} 0-1

[Event "Rapid Tournament (RAP)"]
[Site "Biel, CH"]
[Date "2025.07.13"]
[Round "8"]
[White "Vilaseca, Laurent"]
[Black "Gruenfeld, Yehuda"]
[Result "0-1"]
[Board "14"]
[WhiteFideId "1310240"]
[BlackFideId "2800020"]
[BlackTitle "GM"]
[WhiteElo "2044"]
[BlackElo "2308"]
[WhiteTeam "SUI"]
[BlackTeam "ISR"]
[WhiteClock "0:04:16"]
[BlackClock "0:07:55"]
[Variant "Standard"]

1. d4 {[%clk 0:15:08]}  Nf6 {[%clk 0:15:09]} 2. Nf3 {[%clk 0:15:11]}  e6 {[%clk 0:15:09]} 3. g3 {[%clk 0:15:06]}  b5 {[%clk 0:15:12]} 4. Bg2 {[%clk 0:15:10]}  Bb7 {[%clk 0:15:17]} 5. O-O {[%clk 0:15:13]}  c5 {[%clk 0:15:20]} 6. a4 {[%clk 0:15:06]}  b4 {[%clk 0:15:19]} 7. Nbd2 {[%clk 0:15:03]}  cxd4 {[%clk 0:15:08]} 8. Nb3 {[%clk 0:14:54]}  Be7 {[%clk 0:15:06]} 9. Nbxd4 {[%clk 0:14:53]}  O-O {[%clk 0:15:08]} 10. Bd2 {[%clk 0:13:50]}  Nc6 {[%clk 0:14:10]} 11. Nxc6 {[%clk 0:13:04]}  Bxc6 {[%clk 0:14:13]} 12. Nd4 {[%clk 0:12:46]}  Bxg2 {[%clk 0:14:15]} 13. Kxg2 {[%clk 0:12:50]}  Qb6 {[%clk 0:14:11]} 14. Nb3 {[%clk 0:12:13]}  Rac8 {[%clk 0:14:14]} 15. f3 {[%clk 0:11:21]}  Rc4 {[%clk 0:12:02]} 16. e4 {[%clk 0:10:07]}  Rfc8 {[%clk 0:11:44]} 17. c3 {[%clk 0:10:00]}  d5 {[%clk 0:11:24]} 18. e5 {[%clk 0:09:45]}  Nd7 {[%clk 0:11:21]} 19. Re1 {[%clk 0:08:48]}  Qc7 {[%clk 0:10:27]} 20. Qe2 {[%clk 0:09:06]}  h6 {[%clk 0:10:06]} 21. h4 {[%clk 0:08:56]}  bxc3 {[%clk 0:09:57]} 22. Bxc3 {[%clk 0:08:50]}  Nc5 {[%clk 0:09:59]} 23. Nd4 {[%clk 0:08:49]}  Rxa4 {[%clk 0:09:57]} 24. Qb5 {[%clk 0:07:34]}  Rc4 {[%clk 0:09:40]} 25. Qa5 {[%clk 0:06:46]}  a6 {[%clk 0:08:57]} 26. Re3 {[%clk 0:06:27]}  Qb7 {[%clk 0:07:54]} 27. Ra3 {[%clk 0:04:47]}  Bd8 {[%clk 0:07:55]} 28. Ra1 {[%clk 0:04:26]}  Be7 {[%clk 0:07:52]} 29. b3 {[%clk 0:04:36]}  Nxb3 {[%clk 0:07:51]} 30. Nxb3 {[%clk 0:04:36]}  Qxb3 {[%clk 0:07:45]} 31. Qxa6 {[%clk 0:04:21]}  Qc2+ {[%clk 0:07:55]} 32. Kh3 {[%clk 0:04:17]}  Qb3 {[%clk 0:07:55]} 33. Kg2 {[%clk 0:04:16]} 0-1

[Event "Rapid Tournament (RAP)"]
[Site "Biel, CH"]
[Date "2025.07.13"]
[Round "8"]
[White "Vincenti, Leonardo"]
[Black "De Gregorio, Alexis"]
[Result "1-0"]
[Board "15"]
[WhiteFideId "28550820"]
[BlackFideId "1310054"]
[WhiteTitle "CM"]
[WhiteElo "2283"]
[BlackElo "2032"]
[WhiteTeam "ITA"]
[BlackTeam "SUI"]
[WhiteClock "0:14:05"]
[BlackClock "0:09:06"]
[Variant "Standard"]

1. e4 {[%clk 0:15:09]}  e5 {[%clk 0:15:08]} 2. Nf3 {[%clk 0:15:13]}  Nc6 {[%clk 0:15:12]} 3. d4 {[%clk 0:15:17]}  exd4 {[%clk 0:15:15]} 4. Nxd4 {[%clk 0:15:12]}  Nf6 {[%clk 0:15:15]} 5. Nc3 {[%clk 0:15:23]}  Bb4 {[%clk 0:15:18]} 6. Nxc6 {[%clk 0:15:27]}  bxc6 {[%clk 0:15:19]} 7. Bd3 {[%clk 0:15:30]}  d5 {[%clk 0:15:15]} 8. exd5 {[%clk 0:15:34]}  cxd5 {[%clk 0:15:19]} 9. O-O {[%clk 0:15:20]}  O-O {[%clk 0:15:14]} 10. Bg5 {[%clk 0:15:02]}  c6 {[%clk 0:13:34]} 11. Qf3 {[%clk 0:15:26]}  Be7 {[%clk 0:13:06]} 12. Rae1 {[%clk 0:15:30]}  Be6 {[%clk 0:12:12]} 13. Ne2 {[%clk 0:15:25]}  Bg4 {[%clk 0:10:29]} 14. Qg3 {[%clk 0:15:17]}  Bh5 {[%clk 0:10:15]} 15. Nf4 {[%clk 0:14:54]}  Bd6 {[%clk 0:09:37]} 16. Bxf6 {[%clk 0:13:25]}  Qxf6 {[%clk 0:09:06]} 17. Nxh5 {[%clk 0:14:05]} 1-0

[Event "Rapid Tournament (RAP)"]
[Site "Biel, CH"]
[Date "2025.07.13"]
[Round "8"]
[White "Erne, Raphael"]
[Black "Anetov, Amirzhan"]
[Result "1/2-1/2"]
[Board "16"]
[WhiteFideId "1341928"]
[BlackFideId "13784951"]
[WhiteElo "2159"]
[BlackElo "1856"]
[WhiteTeam "SUI"]
[BlackTeam "KAZ"]
[WhiteClock "0:01:32"]
[BlackClock "0:02:56"]
[Variant "Standard"]

1. c4 {[%clk 0:15:08]}  Nf6 {[%clk 0:15:09]} 2. g3 {[%clk 0:15:09]}  e6 {[%clk 0:15:09]} 3. Bg2 {[%clk 0:15:11]}  d5 {[%clk 0:15:13]} 4. Nf3 {[%clk 0:15:13]}  Be7 {[%clk 0:15:17]} 5. d4 {[%clk 0:15:15]}  O-O {[%clk 0:15:20]} 6. Qc2 {[%clk 0:15:18]}  c6 {[%clk 0:14:53]} 7. Nbd2 {[%clk 0:15:05]}  b6 {[%clk 0:15:09]} 8. O-O {[%clk 0:15:05]}  a5 {[%clk 0:15:13]} 9. e4 {[%clk 0:14:38]}  Na6 {[%clk 0:15:17]} 10. a3 {[%clk 0:13:46]}  Bb7 {[%clk 0:15:13]} 11. cxd5 {[%clk 0:12:24]}  cxd5 {[%clk 0:15:17]} 12. e5 {[%clk 0:12:16]}  Ne4 {[%clk 0:15:21]} 13. Re1 {[%clk 0:11:07]}  Rc8 {[%clk 0:15:23]} 14. Qd1 {[%clk 0:11:00]}  Nc7 {[%clk 0:15:17]} 15. h4 {[%clk 0:10:21]}  f6 {[%clk 0:14:40]} 16. exf6 {[%clk 0:08:05]}  Bxf6 {[%clk 0:14:43]} 17. Nxe4 {[%clk 0:07:39]}  dxe4 {[%clk 0:14:48]} 18. Ne5 {[%clk 0:07:43]}  Nb5 {[%clk 0:14:25]} 19. Be3 {[%clk 0:05:59]}  Qd5 {[%clk 0:14:29]} 20. a4 {[%clk 0:03:44]}  Nxd4 {[%clk 0:13:18]} 21. Bxd4 {[%clk 0:04:55]}  Bxe5 {[%clk 0:13:16]} 22. Bxe5 {[%clk 0:04:20]}  Qxe5 {[%clk 0:12:48]} 23. Qb3 {[%clk 0:03:28]}  Bd5 {[%clk 0:12:55]} 24. Qxb6 {[%clk 0:03:10]}  Rb8 {[%clk 0:11:07]} 25. Qc5 {[%clk 0:03:09]}  Rxb2 {[%clk 0:12:50]} 26. Rxe4 {[%clk 0:00:57]}  Qf6 {[%clk 0:11:45]} 27. Rf4 {[%clk 0:00:51]}  Rxf2 {[%clk 0:11:00]} 28. Qxf8+ {[%clk 0:00:11]}  Qxf8 {[%clk 0:11:04]} 29. Rxf8+ {[%clk 0:00:13]}  Rxf8 {[%clk 0:11:06]} 30. Bxd5 {[%clk 0:00:11]}  exd5 {[%clk 0:11:10]} 31. Rd1 {[%clk 0:00:16]}  Rd8 {[%clk 0:11:14]} 32. Kf2 {[%clk 0:00:20]}  Kf7 {[%clk 0:11:07]} 33. Rc1 {[%clk 0:00:20]}  Ke6 {[%clk 0:10:53]} 34. Rc5 {[%clk 0:00:11]}  Ra8 {[%clk 0:10:53]} 35. Rc7 {[%clk 0:00:15]}  Rf8+ {[%clk 0:10:46]} 36. Ke3 {[%clk 0:00:15]}  Rf7 {[%clk 0:10:50]} 37. Rc6+ {[%clk 0:00:16]}  Ke5 {[%clk 0:10:54]} 38. Ra6 {[%clk 0:00:11]}  d4+ {[%clk 0:10:56]} 39. Ke2 {[%clk 0:00:13]}  Ke4 {[%clk 0:10:45]} 40. Rxa5 {[%clk 0:00:13]}  d3+ {[%clk 0:10:48]} 41. Kd2 {[%clk 0:00:09]}  Rf2+ {[%clk 0:10:45]} 42. Ke1 {[%clk 0:00:07]}  Rf6 {[%clk 0:08:43]} 43. Kd2 {[%clk 0:00:08]}  h6 {[%clk 0:08:34]} 44. Ra7 {[%clk 0:00:08]}  Rg6 {[%clk 0:08:10]} 45. Re7+ {[%clk 0:00:12]}  Kf5 {[%clk 0:08:15]} 46. a5 {[%clk 0:00:10]}  Rxg3 {[%clk 0:03:27]} 47. a6 {[%clk 0:00:12]}  Rg2+ {[%clk 0:03:14]} 48. Kxd3 {[%clk 0:00:15]}  g6 {[%clk 0:03:08]} 49. a7 {[%clk 0:00:12]}  Ra2 {[%clk 0:03:12]} 50. Rb7 {[%clk 0:00:14]}  Kg4 {[%clk 0:03:11]} 51. Rb4+ {[%clk 0:00:18]}  Kh5 {[%clk 0:03:11]} 52. Ke3 {[%clk 0:00:12]}  Rxa7 {[%clk 0:03:12]} 53. Kf3 {[%clk 0:00:13]}  Rd7 {[%clk 0:03:09]} 54. Kg3 {[%clk 0:00:14]}  Rd3+ {[%clk 0:03:13]} 55. Kg2 {[%clk 0:00:18]}  Re3 {[%clk 0:03:17]} 56. Ra4 {[%clk 0:00:17]}  Rd3 {[%clk 0:03:12]} 57. Rb4 {[%clk 0:00:21]}  Rc3 {[%clk 0:03:15]} 58. Ra4 {[%clk 0:00:26]}  Rb3 {[%clk 0:03:20]} 59. Rc4 {[%clk 0:00:30]}  Rb2+ {[%clk 0:03:24]} 60. Kg3 {[%clk 0:00:32]}  Rb3+ {[%clk 0:03:16]} 61. Kg2 {[%clk 0:00:36]}  Ra3 {[%clk 0:03:19]} 62. Rb4 {[%clk 0:00:38]}  g5 {[%clk 0:03:23]} 63. hxg5 {[%clk 0:00:41]}  hxg5 {[%clk 0:03:27]} 64. Rc4 {[%clk 0:00:45]}  Ra2+ {[%clk 0:03:02]} 65. Kg3 {[%clk 0:00:47]}  Ra1 {[%clk 0:03:06]} 66. Rb4 {[%clk 0:00:49]}  Rg1+ {[%clk 0:03:09]} 67. Kf2 {[%clk 0:00:46]}  Rd1 {[%clk 0:03:03]} 68. Kg3 {[%clk 0:00:47]}  Rd2 {[%clk 0:03:02]} 69. Ra4 {[%clk 0:00:50]}  Rd3+ {[%clk 0:03:05]} 70. Kg2 {[%clk 0:00:53]}  Rd6 {[%clk 0:02:39]} 71. Kg3 {[%clk 0:00:55]}  Re6 {[%clk 0:02:43]} 72. Rb4 {[%clk 0:00:58]}  Ra6 {[%clk 0:02:46]} 73. Rc4 {[%clk 0:01:01]}  Ra1 {[%clk 0:02:50]} 74. Rb4 {[%clk 0:01:02]}  Rh1 {[%clk 0:02:46]} 75. Ra4 {[%clk 0:01:03]}  Re1 {[%clk 0:02:46]} 76. Rb4 {[%clk 0:01:06]}  Re3+ {[%clk 0:02:50]} 77. Kg2 {[%clk 0:01:09]}  Rd3 {[%clk 0:02:50]} 78. Ra4 {[%clk 0:01:13]}  g4 {[%clk 0:02:30]} 79. Ra8 {[%clk 0:01:12]}  Rd2+ {[%clk 0:02:34]} 80. Kg3 {[%clk 0:01:15]}  Rd3+ {[%clk 0:02:37]} 81. Kg2 {[%clk 0:01:18]}  Kg5 {[%clk 0:02:41]} 82. Rg8+ {[%clk 0:01:13]}  Kf4 {[%clk 0:02:44]} 83. Rf8+ {[%clk 0:01:17]}  Kg5 {[%clk 0:02:49]} 84. Rg8+ {[%clk 0:01:21]}  Kf5 {[%clk 0:02:53]} 85. Rf8+ {[%clk 0:01:24]}  Ke4 {[%clk 0:02:56]} 86. Re8+ {[%clk 0:01:19]}  Kf4 {[%clk 0:02:56]} 87. Rf8+ {[%clk 0:01:32]} 1/2-1/2